| 000 | 00474cam a22001571a 4500 | ||
|---|---|---|---|
| 082 |
_a624.15 _bFOU _cL-21, P-68 |
||
| 245 | 0 | 0 |
_aFoundation engineering / _cedited by G.A. Leonards. |
| 260 |
_aNew York : _bMcGraw-Hill, _c1962. |
||
| 300 |
_a1136 p. : _bill. ; _c24 cm. |
||
| 526 |
_a0 _b0 _c0 _d624_150000000000000_FOU |
||
| 526 |
_a0 _b0 _c0 _d624_150000000000000_FOU |
||
| 650 | 0 |
_aFoundations. _9892 |
|
| 650 | 0 |
_aMCE _9379 |
|
| 700 | 1 |
_aLeonards, G. A. _942402 |
|
| 942 |
_2ddc _cBK |
||
| 999 |
_c546301 _d546301 |
||